[Event "Chennai WinTV op 1st"]
[Site "Chennai"]
[Date "2004.01.28"]
[Round "9"]
[White "Deric, Pinto"]
[Black "Shyam, Sundar M"]
[Result "1/2-1/2"]
[WhiteElo "2126"]
[BlackElo "1995"]
[PlyCount "120"]
[EventDate "2004.01.21"]
[EventType "swiss"]
[EventRounds "13"]
[EventCountry "IND"]
[SourceTitle "CBM 098 Extra"]
[Source "ChessBase"]
[SourceDate "2004.03.10"]
[SourceVersion "2"]
[SourceVersionDate "2004.03.10"]
[SourceQuality "1"]

1. e4 e5 2. Nf3 Nc6 3. Bb5 a6 4. Bxc6 dxc6 5. Nc3 f6 6. d4 exd4 7. Nxd4 c5 8. Nde2 Qxd1+ 9. Nxd1 Bd7 10. Bf4 0-0-0 11. Ne3 Bc6 12. f3 Ne7 13. Bg3 h5 14. h4 g6 15. Nf4 Bh6 16. Ke2 Bxf4 17. Bxf4 Bd7 18. Rad1 Be6 19. a3 Nc6 20. g4 Rxd1 21. Kxd1 Nd4 22. Rh3 Bd7 23. Bh2 hxg4 24. fxg4 f5 25. gxf5 gxf5 26. Be5 Re8 27. Bxd4 cxd4 28. Nxf5 Rxe4 29. Rf3 Bxf5 30. Rxf5 Rxh4 31. Kd2 Kd7 32. Kd3 Kd6 33. Kc4 Rh2 34. Kd3 c5 35. Rf6+ Kd5 36. Rf5+ Kc6 37. a4 b5 38. Rf6+ Kd5 39. Rf5+ Kd6 40. axb5 axb5 41. b4 Rh3+ 42. Kd2 Rc3 43. bxc5+ Rxc5 44. Rf8 Kd5 45. Rd8+ Kc4 46. Rd6 Rd5 47. Rc6+ Kb4 48. Kd3 Ka3 49. Rc8 Kb2 50. Rc6 Kb1 51. Rc8 Ka2 52. Rc6 Ka3 53. Rc8 Kb4 54. Rc7 Rc5 55. Ra7 Rc3+ 56. Kd2 Rh3 57. Rd7 Kc4 58. Rc7+ Kd5 59. Rd7+ Kc5 60. Rc7+ Kd6 1/2-1/2

[Event "Chennai WinTV op 1st"]
[Site "Chennai"]
[Date "2004.01.25"]
[Round "6"]
[White "Shashikant, Kutwal"]
[Black "Deric, Pinto"]
[Result "1-0"]
[WhiteElo "2283"]
[BlackElo "2126"]
[PlyCount "71"]
[EventDate "2004.01.21"]
[EventType "swiss"]
[EventRounds "13"]
[EventCountry "IND"]
[SourceTitle "CBM 098 Extra"]
[Source "ChessBase"]
[SourceDate "2004.03.10"]
[SourceVersion "2"]
[SourceVersionDate "2004.03.10"]
[SourceQuality "1"]

1. e4 c5 2. Nf3 d6 3. c3 Nf6 4. Bd3 g6 5. Bc2 Bg7 6. 0-0 0-0 7. h3 b6 8. d4 Bb7 9. Re1 Nc6 10. d5 Ne5 11. Nbd2 Nxf3+ 12. Nxf3 Nd7 13. Bg5 h6 14. Be3 b5 15. Qd2 Kh7 16. h4 Qa5 17. h5 b4 18. hxg6+ fxg6 19. cxb4 Qxb4 20. Qe2 Ne5 21. Nxe5 dxe5 22. Bd3 Rac8 23. a3 Qa5 24. b4 Qd8 25. bxc5 e6 26. Rab1 Ba8 27. d6 Qh4 28. f3 Bf6 29. Ba6 Rcd8 30. Bb7 Bg5 31. Bxg5 hxg5 32. Bxa8 Rh8 33. Qf2 Qh6 34. Qg3 Kg8 35. Bc6 g4 36. Qxe5 1-0

[Event "Chennai WinTV op 1st"]
[Site "Chennai"]
[Date "2004.01.24"]
[Round "5"]
[White "Deric, Pinto"]
[Black "Ramya, Krishna Inapuri"]
[Result "1-0"]
[WhiteElo "2126"]
[BlackElo "1971"]
[PlyCount "66"]
[EventDate "2004.01.21"]
[EventType "swiss"]
[EventRounds "13"]
[EventCountry "IND"]
[SourceTitle "CBM 098 Extra"]
[Source "ChessBase"]
[SourceDate "2004.03.10"]
[SourceVersion "2"]
[SourceVersionDate "2004.03.10"]
[SourceQuality "1"]

1. e4 e5 2. Nf3 Nc6 3. Bb5 a6 4. Bxc6 dxc6 5. Nc3 Bd6 6. d4 Bg4 7. dxe5 Bxf3 8. Qxf3 Bxe5 9. Bf4 Qe7 10. Bxe5 Qxe5 11. Qe3 Rd8 12. f4 Qd4 13. Qxd4 Rxd4 14. Ke2 Nf6 15. Ke3 Rd8 16. Rad1 Ke7 17. h3 b5 18. Rxd8 Rxd8 19. Rd1 Rxd1 20. Nxd1 c5 21. Nc3 c6 22. g4 Nd7 23. b3 Nb6 24. Ne2 a5 25. h4 h6 26. h5 f6 27. Ng3 a4 28. Nf5+ Kf8 29. Kd3 a3 30. c3 Nd7 31. b4 Kf7 32. Kc2 c4 33. Kd2 g6 1-0

[Event "Chennai WinTV op 1st"]
[Site "Chennai"]
[Date "2004.01.22"]
[Round "2"]
[White "Gokhale, Jayant Suresh"]
[Black "Deric, Pinto"]
[Result "1-0"]
[WhiteElo "2308"]
[BlackElo "2126"]
[PlyCount "71"]
[EventDate "2004.01.21"]
[EventType "swiss"]
[EventRounds "13"]
[EventCountry "IND"]
[SourceTitle "CBM 098 Extra"]
[Source "ChessBase"]
[SourceDate "2004.03.10"]
[SourceVersion "2"]
[SourceVersionDate "2004.03.10"]
[SourceQuality "1"]

1. d4 d5 2. c4 Nc6 3. Nf3 Bg4 4. cxd5 Bxf3 5. dxc6 Bxc6 6. Nc3 e6 7. a3 Nf6 8. f3 Be7 9. e4 Qd7 10. Be3 0-0 11. Be2 b6 12. 0-0 Bb7 13. Qc2 Rac8 14. Rfd1 Rfd8 15. b4 c6 16. Qb3 Qe8 17. Rac1 Ba8 18. Na4 Rd7 19. Nb2 h6 20. Nc4 Nh7 21. Ne5 Rdc7 22. Rc2 Bb7 23. Rdc1 Bd6 24. Nc4 Be7 25. a4 Qf8 26. Rb1 c5 27. dxc5 bxc5 28. b5 a6 29. b6 Rd7 30. Na5 Ra8 31. Nxb7 Rxb7 32. a5 Qc8 33. Rbc1 Rd7 34. Bxc5 Bg5 35. Be3 Qd8 36. Bxg5 1-0